Proceedings of the Workshop on Ecology and Biodiversity : Brazilian Academy of Science, Rio de Janeiro, 22-24 August, 1994 /
Guardado en:
| Otros Autores: | |
|---|---|
| Formato: | Libro |
| Idioma: | English |
| Publicado: |
Rio de Janeiro :
Academia Brasileira de Ciências,
1995.
|
| Series: | Anais da Academia Brasileira de Ciências,
v. 66, Supl. 1. |
| Etiquetas: |
Agregar Etiqueta
Sin Etiquetas, Sea el primero en etiquetar este registro!
|
| LEADER | 00679nam a22001575a 4500 | ||
|---|---|---|---|
| 001 | EEA.libagro005168 | ||
| 005 | 20181002113209.0 | ||
| 008 | 130809s1995####bl#a##########000#0#eng#d | ||
| 082 | 0 | 4 | |a 574.5 |
| 082 | 0 | 4 | |a 333.9516 |
| 245 | 1 | 0 | |a Proceedings of the Workshop on Ecology and Biodiversity : |b Brazilian Academy of Science, Rio de Janeiro, 22-24 August, 1994 / |c Affonso Guidão Gomes. |
| 260 | |a Rio de Janeiro : |b Academia Brasileira de Ciências, |c 1995. | ||
| 300 | |a 147 p. : |b il. ; |c 26 cm. | ||
| 490 | 1 | |a Anais da Academia Brasileira de Ciências, |x 0001-3765 ; |v v. 66, Supl. 1. | |
| 700 | 1 | |a Gomes, Affonso Guidao, |e ed. | |
| 859 | |a AR-BbBCA |b BIB. AGRONOMIA |h 574.5 |i G633 |p 1995/2439 | ||
